书目信息 |
| 题名: |
续修四库全书提要
|
|
| 作者: | 王云五主持 | |
| 分册: | 十 史部 | |
| 出版信息: | 台湾 台湾商务印书馆发行 1972. |
|
| 页数: | 2043-2510页 | |
| 开本: | 26cm | |
| 丛书名: | ||
| 单 册: | ||
| 中图分类: | Z833 | |
| 科图分类: | ||
| 主题词: | ||
| 电子资源: | ||
| ISBN: | ||
| 000 | 00556nam0 2200193 45 | |
| 001 | 0181015557 | |
| 005 | 20061127153205.32 | |
| 010 | @dCNY65.00 | |
| 100 | @a20810111d km y0chiy0120 ea | |
| 101 | 0 | @achi |
| 200 | 1 | @Axu xiu si ku quan shu ti yao@Fwang yun wu@a续修四库全书提要@h十@i史部@i第六册@f王云五主持@b参考工具 |
| 210 | @a台湾@c台湾商务印书馆发行@d1972. | |
| 215 | @a2043-2510页@d26cm | |
| 517 | 1 | @a史部@Ashi bu |
| 517 | 1 | @a第六册@Adi liu ce |
| 690 | @aZ833 | |
| 701 | 0 | @a王云五主持 |
| 801 | @aCN@bTSTC@c20061127 | |
| 905 | @a10447@dZ833@e11:10 | |
| 续修四库全书提要.十.史部.第六册/王云五主持[参考工具].-台湾:台湾商务印书馆发行,1972. |
| 2043-2510页;26cm |
| ISBN :CNY65.00 |
| ● |
| 相关链接 |
|
|
|
|
正题名:续修四库全书提要
索取号:Z833/11:10
 
预约/预借
| 序号 | 登录号 | 条形码 | 馆藏地/架位号 | 状态 | 备注 |
| 1 | 0142000 | 202126467 | 第二样本阅览室/ [索取号:Z833/11:10] | 在馆 |